• 首页
  • 本馆介绍
  • 公告通知
  • 最新文献
  • 馆藏检索
  • 电子资源
  • 读者导购
  • 参考咨询
  • 我的图书馆
  • 登录
  • 详细信息显示
  • 放入我的书架
  • 预约/预借图书
  • 作者相关作品
  • 分类相关作品
  • 丛书相关作品
  • 出版社相关作品

书目信息

  • 表格格式
  • 工作单格式
  • 卡片格式
题名:
移植与转化
    
 
作者: 左玉河 著
分册:  
出版信息: 郑州   大象出版社  2008
页数: 387页
开本: 24cm
丛书名:
单 册:
中图分类: G322.9
科图分类:
主题词: 学术机构--历史--中国 , 学术机构
电子资源:
ISBN: 978-7-5347-4961-2
000 00776nam0 2200241 45
001 1050647140
005 20100416085320.57
010    @a978-7-5347-4961-2@dCNY36.00
100    @a20100408d2008 em y0chiy0120 ea
101 0  @achi
102    @aCN@b410000
105    @aa z 000yy
106    @ar
200 1  @a移植与转化@AYi Zhi Yu Zhuan Hua@e中国现代学术机构的建立@EZhong Guo Xian Dai Xue Shu Ji Gou De Jian Li@f左玉河著@FZuo Yu He Zhu
210    @a郑州@c大象出版社@d2008
215    @a387页@c图@d24cm
517 1  @a中国现代学术机构的建立@AZhong Guo Xian Dai Xue Shu Ji Gou De Jian Li
606 0  @a学术机构@x历史@y中国
606 0  @a学术机构
690    @aG322.9@v4
701  0 @a左玉河@AZuo Yu He@4著
801  0 @aCN@bTANGWEI@c20100416
905    @b0589053-57@dG322.9@e31@f5
    
    移植与转化:中国现代学术机构的建立/左玉河著.-郑州:大象出版社,2008
    387页:图;24cm
    
    
    ISBN 978-7-5347-4961-2:CNY36.00
    
●
相关链接 在E读中查询图书 在五车中查询图书 在当当中查询图书 在豆瓣中查询图书


正题名:移植与转化     索取号:G322.9/31         预约/预借

序号 登录号 条形码 馆藏地/架位号 状态 备注
1 0589053   205890534   第一样本阅览室/ [索取号:G322.9/31] 在馆    
2 0589054   205890543   第四借阅区/ [索取号:G322.9/31] 在馆    
3 0589055   205890552   第四借阅区/ [索取号:G322.9/31] 在馆    
4 0589056   205890561   第四借阅区/ [索取号:G322.9/31] 在馆    
5 0589057   205890570   第四借阅区/ [索取号:G322.9/31] 在馆    
唐山师范学院图书馆 欢迎您!
大连网信软件有限公司© 版权所有